Neighbours of France - Sudden Death - Statistics

General Stats
  • This quiz has been taken 956 times
    894 since last reset
  • The average score is 7 of 10
Answers on the Grid
Answers color-coded by a green-red scale on the quiz's grid according to % correct below.
Venezuela
Guyana
Suriname
Brazil
Andorra
Austria
Belgium
Germany
Greece
Ireland
Italy
Liechtenstein
Luxembourg
Monaco
Netherlands
Portugal
San Marino
Spain
Switzerland
United Kingdom
 
Answer Stats
Answer % Correct
Belgium
79%
Germany
77%
Andorra
72%
Spain
72%
Italy
70%
Luxembourg
65%
Switzerland
63%
Monaco
61%
Brazil
55%
Suriname
52%
No matching quizzes found
Score Distribution
Percent of People with Each Score
Percentile by Number Answered
Your Score History
You have not taken this quiz since the last reset